Incesto : (Registro nro. 11236)

Detalles MARC
000 -CABECERA
Longitud fija campo de control 00930cam a2200241 a 4500
003 - • IDENTIFICADOR DELl NÚMERO DE CONTROL
Identificador del número de control CO-ViMGA
005 - • FECHA Y HORA DE LA ÚLTIMA TRANSACCIÓN
Fecha y hora de la última transacción 20230915224041.0
008 - • CÓDIGOS DE INFORMACIÓN DE LONGITUD FIJA
Códigos de información de longitud fija 990307s1998 sp a r 00010bspa d
020 ## - • NÚMERO INTERNACIONAL NORMALIZADO PARA LIBROS
Número Internacional Normalizado para Libros (ISBN) 8478443878
040 ## - FUENTE DE LA CATALOGACIÓN
Centro catalogador de origen CO-ViMGA
Lengua de catalogación spa
Centro transcriptor CO-ViMGA
041 1# - • CÓDIGO DE LENGUA
Código de lengua original eng
082 04 - • NÚMERO DE LA CLASIFICACIÓN DECIMAL DEWEY
Número de clasificación (R) 928.4
Número del ítem N45a
100 1# - • PUNTO DE ACCESO PRINCIPAL-NOMBRE DE PERSONA
Nombre de persona Nin, Anais,
Fechas asociadas al nombre 1903-1977.
245 10 - • TITULO PROPIAMENTE DICHO
Título Incesto :
Resto del título Diario amoroso /
Mención de responsabilidad, etc. Anais Nin ; introducción Rupert Pole ; Notas biográficas Gunther Stuhlmann ; traducción José Luis Fernández-Villanueva Cencio.
300 ## - • DESCRIPCIÓN FÍSICA
Extensión 492 p. :
Otras características físicas il. ;
Dimensiones 22 cm.
534 ## - • Nota De Versión Original
-- Título original.
Título A journal of love: Incest. The unexpurgated diary of Anai Nin, 1932-1934.
600 16 - • PUNTO DE ACCESO ADICIONAL DE MATERIA - NOMBRE DE PERSONA
Nombre de persona Nin, Anais,
Fechas asociadas al nombre 1903-1977.
700 1# - • PUNTO DE ACCESO ADICIONAL - NOMBRE DE PERSONA
Nombre de persona Fernández-Villanueva Cencio, José Luis,
Término indicativo de función tr.
700 1# - • PUNTO DE ACCESO ADICIONAL - NOMBRE DE PERSONA
Nombre de persona Pole, Rupert.
700 1# - • PUNTO DE ACCESO ADICIONAL - NOMBRE DE PERSONA
Nombre de persona Stuhlmann, Gunther.
942 ## - ENTRADA DE ELEMENTOS AGREGADOS (KOHA)
Fuente de clasificaión o esquema Dewey Decimal Classification
Koha [por defecto] tipo de item LIbro
Existencias
Perdido Fuente de clasificación o esquema Estado Físico No para préstamo Forma de adquisición Localización permanente Localización actual Fecha adquisición Préstamos totales Signatura completa Código de barras Fecha última consulta Fecha del precio de reemplazo Tipo de item de Koha
  Dewey Decimal Classification     Sala General Biblioteca Barrio Emporio - Villavicencio Biblioteca Barrio Emporio - Villavicencio 09/21/2017   928.4 N45a 31661 09/21/2017 09/21/2017 LIbro









Instituto Departamental de Cultura del Meta - Red Departamental de Bibliotecas Públicas del Meta.